000 00611nam a2200193Ia 4500
003 GCL
008 140319s9999 xx 000 0 ara d
040 _aGCL /
_cGCL
082 0 4 _a812.042
_bف س
100 1 _aفتحية العسال
245 1 0 _aسجن النساء, مسرحية من فصلين /
_cفتحية العسال
260 _a[S.N] :
_bالهيئة المصرية العامة للكتاب ،
_c1993
300 _a185 ص
490 _a
650 0 4 _aالادب العربى
650 0 4 _aالمسرحيات المصرية
650 0 4 _aالمسرحيات العربية
942 _2ddc
_cBK
999 _c29437
_d29437